| 000 | 01571nam a22003977a 4500 | ||
|---|---|---|---|
| 003 | CHAP | ||
| 005 | 20220329143425.0 | ||
| 008 | 090618s2009 mx r 00010 spa d | ||
| 010 | _a96396 | ||
| 011 | _a97368 | ||
| 035 | _a108034 | ||
| 040 | _cCHAP | ||
| 090 | _aTesis | ||
| 100 | 1 |
_aJuárez Martínez, Antonio. _962447 |
|
| 245 | 1 | 0 |
_aCaracterización de la brecha tecnológica en la finalización de ganado bovino, en el oriente del Estado de México _c/por Antonio Juárez Martínez |
| 260 |
_aChapingo, Méx. : _bEl autor, _c2007 |
||
| 300 |
_avi, 40 h. _bcuadros, gráfs. |
||
| 502 | _aTesis (Ing. Agr. Esp. en Zootecnia) -- UACH. Departamento de Zootecnia | ||
| 530 | _aTambién disponible en línea | ||
| 590 |
_aALEPH _b10 _c20130110 _lUCH01 _h1529 |
||
| 590 |
_aBATCH-UPD _b10 _c20130110 _lUCH01 _h0737 |
||
| 590 |
_aBATCH-UPD _b10 _c20130410 _lUCH01 _h0419 |
||
| 590 |
_aBATCH-UPD _b10 _c20130914 _lUCH01 _h1510 |
||
| 590 |
_aBATCH-UPD _b10 _c20140324 _lUCH01 _h1512 |
||
| 590 |
_aBATCH-UPD _b10 _c20141002 _lUCH01 _h0839 |
||
| 590 |
_aCONVERSION _b10 _c20130109 _lUCH01 _h1353 |
||
| 650 | 1 | 4 |
_aAlimentos y alimentacion del ganado. _94326 |
| 650 | 1 | 4 |
_aGanado de carne _xProducción. _945104 |
| 650 | 1 | 4 |
_aGanado vacuno _xEngorda. _945461 |
| 650 | 1 | 4 |
_aGanado vacuno _xMéxico (Edo.) _945494 |
| 856 |
_3Finding aid _uhttp://10.13.5.2/tesis/108034.pdf _zTeclea aqui |
||
| 901 | _aBK | ||
| 942 | _cFOLL | ||
| 949 |
_aTesis _bBC _cTES _d33724002099900 _eTS1 _gDonaciØn _h49304 _i108034 _sb |
||
| 949 |
_aTesis _bBC _cTES _d33724002099941 _eTS2 _fc.2 _gDonaciØn _h49305 _i108034 _sb |
||
| 999 |
_c96396 _d96396 |
||